ပပ်ႉထမ်းၵႅဝ်ႈ(မၢႆ-7) / (Record no. 25243)

000 -LEADER
fixed length control field 00859nam a22002297a 4500
003 - CONTROL NUMBER IDENTIFIER
control field OSt
005 - DATE AND TIME OF LATEST TRANSACTION
control field 20260128094515.0
008 - FIXED-LENGTH DATA ELEMENTS--GENERAL INFORMATION
fixed length control field 230605b ||||| |||| 00| 0 eng d
040 ## - CATALOGING SOURCE
Transcribing agency SSBUL
041 ## - LANGUAGE CODE
Language code of text/sound track or separate title Shan
082 ## - DEWEY DECIMAL CLASSIFICATION NUMBER
Edition number 23
Classification number 294.3443
100 0# - MAIN ENTRY--PERSONAL NAME
Personal name သုဝရ(မၢဝ်းၶမ်း)၊
Titles and words associated with a name ၸဝ်ႈသြႃႇ။
245 10 - TITLE STATEMENT
Title ပပ်ႉထမ်းၵႅဝ်ႈ(မၢႆ-7) /
Statement of responsibility, etc. ၸဝ်ႈသြႃႇသုဝရ(မၢဝ်းၶမ်း)။
260 ## - PUBLICATION, DISTRIBUTION, ETC.
Place of publication, distribution, etc. တူၼ်ႈတီး၊
Name of publisher, distributor, etc. ဢွင်ႇပၢၼ်းၽိဝ်ႇ၊
Date of publication, distribution, etc. 2016 ။
300 ## - PHYSICAL DESCRIPTION
Extent E, 304 ၼႃႈ၊
Dimensions 22 ၸိၼ်ႇတီႇ။
500 ## - GENERAL NOTE
General note S-SAT: Dr. Prof Sai Aung Tun
504 ## - BIBLIOGRAPHY, ETC. NOTE
Bibliography, etc. note ပႃးၽိုၼ်ဢိင်
650 ## - SUBJECT ADDED ENTRY--TOPICAL TERM
Topical term or geographic name entry element တြႃးၽြႃးပဵၼ်ၸဝ်ႈ
942 ## - ADDED ENTRY ELEMENTS (KOHA)
Koha item type Books (Long term)
100 0# - MAIN ENTRY--PERSONAL NAME
9 (RLIN) 24352
Source of classification or shelving scheme
Source of classification or shelving scheme
Holdings
Withdrawn status Lost status Source of classification or shelving scheme Damaged status Not for loan Collection Code Permanent Location Current Location Shelving location Date acquired Total Checkouts Full call number Barcode Date last seen Price effective from Koha item type Accession Date last checked out
          Tai Collection Shan State Buddhist University Library Shan State Buddhist University Library Tai Shelves 05/06/2023   294.3443 သု ႒႐(1) SH00000020 05/06/2023 05/06/2023 Books (Long term) ႒႐(1)  
          Tai Collection Shan State Buddhist University Library Shan State Buddhist University Library Tai Shelves 05/06/2023 1 294.3443 သု ႒႑(2) SH00000021 04/06/2025 05/06/2023 Books (Long term) ႒႑(2) 20/05/2025
          Tai Collection Shan State Buddhist University Library Shan State Buddhist University Library Tai Shelves 05/06/2023 1 294.3443 သု ႑႒႙(3) SH00000129 16/02/2026 05/06/2023 Books (Long term) ႑႒႙(3) 10/02/2026
          Tai Collection Shan State Buddhist University Library Shan State Buddhist University Library Tai Shelves 05/06/2023   294.3443 သု ႑႓႐(4) SH00000130 05/06/2023 05/06/2023 Books (Long term) ႑႓႐(4)  
          Tai Collection Shan State Buddhist University Library Shan State Buddhist University Library Tai Shelves 05/06/2023   294.3443 သု ႑႓႑(5) SH00000131 05/06/2023 05/06/2023 Books (Long term) ႑႓႑(5)  
          Tai Collection Shan State Buddhist University Library Shan State Buddhist University Library Tai Shelves 05/06/2023 1 294.3443 သု ႑႓႘(6) SH00000138 17/07/2025 05/06/2023 Books (Long term) ႑႓႘(6) 14/06/2025
          Tai Collection Shan State Buddhist University Library Shan State Buddhist University Library Tai Shelves 05/06/2023 1 294.3443 သု ႑႓႙(7) SH00000139 27/02/2025 05/06/2023 Books (Long term) ႑႓႙(7) 19/02/2025
          Tai Collection Shan State Buddhist University Library Shan State Buddhist University Library Tai Shelves 05/06/2023 2 294.3443 သု ႓႙႗(8) SH00000397 27/02/2025 05/06/2023 Books (Long term) ႓႙႗(8) 13/02/2025
          Tai Collection Shan State Buddhist University Library Shan State Buddhist University Library Tai Shelves 05/06/2023 1 294.3443 သု ႑႐႙႓(9) SH00001093 27/02/2025 05/06/2023 Books (Long term) ႑႐႙႓(9) 04/02/2025
          Tai Collection Shan State Buddhist University Library Shan State Buddhist University Library Tai Shelves 05/06/2023   294.3443 သု ႒႔႗႒ S-SAT SH00002472 05/06/2023 05/06/2023 Books (Long term) ႒႔႗႒ S-SAT  

Library - 09407999929
Admin Office - 09407999979
Dean Office - 09250910768
Registrar Office - 09892297154
Email - [email protected]
Shan State Buddhist University, Phaya Phyu Taunggyi, Shan State, Myanmar.